000 00647nam a2200265Ia 4500
005 20260121161426.0
008 008 260114s9999 xx 000 0 eng d
020 _a9780203465332
037 _aEBOOK
040 _aCRL
040 _beng
040 _cCRL
041 _2eng
041 _aeng
084 _qCRL
100 _aDoing Foucault in Early Childhood Studies
_91044587
245 0 _aGlenda Mac Naughton
260 _bTaylor and Francis
260 _c2005
650 _aChildhood
_91044588
856 _uhttp://www.taylorfrancis.com/books/9780203465332
942 _cEBOOK
999 _c1610701
_d1610701